| 000 | 00469nam a2200169Ia 4500 | ||
|---|---|---|---|
| 003 | OSt | ||
| 005 | 20200702125855.0 | ||
| 008 | 190216s9999||||xx |||||||||||||| ||und|| | ||
| 040 | _coclc | ||
| 082 |
_a909 _bVEL/L |
||
| 100 |
_aVelayudhan, P S _93400 |
||
| 245 | 0 |
_aLokacharithram / _c P S Velayudhan |
|
| 250 | _aVol 1. | ||
| 260 |
_bKerala Bhasha Institute, _c1988. _aTrivandrum: |
||
| 300 | _a296p | ||
| 942 |
_cBK _2ddc _h909 _iVEL/L _k909 _mVEL/L |
||
| 999 |
_c40380 _d40380 |
||